Minecraft Structures! Sudden Death - Statistics

General Stats
  • This quiz has been taken 8,852 times
  • The average score is 3 of 10
Answers on the Grid
Answers color-coded by a green-red scale on the quiz's grid according to % correct below.
Bastion Remnant
End Castle
Village
Ruined End Ship
Desert Pyramid
Illager Outpost
Jungle Pyramid
Mob Spawner
Ancient Temple
Nether Fortress
Blaze Spawner Room
Laboratory
Stronghold
Tavern
Swamp Village
Woodland Mansion
Ocean Portal
Ocean Monument
End Fossil
Illusioner Hut
End City
Shipwreck
 
Answer Stats
Answer % Correct
Village
73%
Bastion Remnant
60%
Desert Pyramid
42%
End City
25%
Stronghold
25%
Shipwreck
24%
Ocean Monument
22%
Nether Fortress
21%
Woodland Mansion
19%
Jungle Pyramid
18%
No matching quizzes found
Score Distribution
Percent of People with Each Score
Percentile by Number Answered
Your Score History
You have not taken this quiz